[Event "HUN-chT2 Szechenyi 1819"]
[Site "Hungary"]
[Date "2019.02.24"]
[Round "6.5"]
[White "Bakos, Nandor"]
[Black "Ludvai, Zsolt"]
[Result "1/2-1/2"]
[WhiteElo "1885"]
[BlackElo "1868"]
[PlyCount "20"]
[EventDate "2018.10.28"]
[EventType "team-tourn"]
[EventRounds "9"]
[EventCountry "HUN"]
[SourceTitle "EXT 2021"]
[Source "ChessBase"]
[SourceDate "2020.10.23"]
[SourceVersion "1"]
[SourceVersionDate "2020.10.23"]
[SourceQuality "1"]
[WhiteTeam "Tapolca VSE II"]
[BlackTeam "Ajka ASSE"]
[WhiteTeamCountry "HUN"]
[BlackTeamCountry "HUN"]

1. e4 e6 2. d4 d5 3. exd5 exd5 4. Bd3 Bd6 5. h3 Nc6 6. c3 Nge7 7. Bg5 Be6 8. Nf3 Qd7 9. 0-0 f6 10. Be3 Bf5 1/2-1/2

[Event "HUN-chT2 Szechenyi 1718"]
[Site "Hungary"]
[Date "2018.02.18"]
[Round "6.7"]
[White "Ludvai, Zsolt"]
[Black "Szokolszky, Miklos"]
[Result "1/2-1/2"]
[WhiteElo "1906"]
[BlackElo "1926"]
[PlyCount "23"]
[EventDate "2017.10.29"]
[EventType "team-tourn"]
[EventRounds "9"]
[EventCountry "HUN"]
[SourceTitle "EXT 2021"]
[Source "ChessBase"]
[SourceDate "2020.10.23"]
[SourceVersion "1"]
[SourceVersionDate "2020.10.23"]
[SourceQuality "1"]
[WhiteTeam "Ajka ASSE"]
[BlackTeam "Sarvar"]
[WhiteTeamCountry "HUN"]
[BlackTeamCountry "HUN"]

1. Nf3 d5 2. b3 Nf6 3. Bb2 Bg4 4. e3 Nbd7 5. Be2 e6 6. Ne5 Nxe5 7. Bxe5 Bf5 8. f4 Ne4 9. 0-0 f6 10. Bb2 Bc5 11. d4 Bd6 12. Nd2 1/2-1/2

[Event "HUN-chT2 Szechenyi 1718"]
[Site "Hungary"]
[Date "2018.01.28"]
[Round "5.6"]
[White "Ludvai, Zsolt"]
[Black "Solymosi, Istvan"]
[Result "0-1"]
[WhiteElo "1906"]
[BlackElo "2117"]
[PlyCount "66"]
[EventDate "2017.10.29"]
[EventType "team-tourn"]
[EventRounds "9"]
[EventCountry "HUN"]
[SourceTitle "EXT 2021"]
[Source "ChessBase"]
[SourceDate "2020.10.23"]
[SourceVersion "1"]
[SourceVersionDate "2020.10.23"]
[SourceQuality "1"]
[WhiteTeam "Ajka ASSE"]
[BlackTeam "Gyor Elektromos"]
[WhiteTeamCountry "HUN"]
[BlackTeamCountry "HUN"]

1. d4 Nf6 2. c4 c5 3. Nf3 g6 4. Nc3 Bg7 5. e3 0-0 6. Bd3 d5 7. cxd5 Nxd5 8. Nxd5 Qxd5 9. e4 Qd8 10. dxc5 Nd7 11. c6 bxc6 12. Qc2 Ba6 13. 0-0 Bxd3 14. Qxd3 Rb8 15. Rb1 Nf6 16. Qc2 Qa5 17. a3 c5 18. Bd2 Qb6 19. Ne5 Qe6 20. f4 Rfc8 21. Bc3 Qb3 22. Qe2 Qb7 23. Rfe1 Ne8 24. Qc2 Nd6 25. f5 Qb3 26. Qxb3 Rxb3 27. fxg6 hxg6 28. Rbd1 Rxc3 29. bxc3 Bxe5 30. Rc1 c4 31. Kf2 Rb8 32. Re2 Rb3 33. Re3 Bf4 0-1

[Event "HUN-chT2 Szechenyi 1617"]
[Site "Hungary"]
[Date "2016.10.09"]
[Round "2.5"]
[White "Ludvai, Zsolt"]
[Black "Varga, Gyula"]
[Result "1/2-1/2"]
[WhiteElo "1884"]
[BlackElo "1908"]
[PlyCount "21"]
[EventDate "2016.09.25"]
[EventType "team-tourn"]
[EventRounds "11"]
[EventCountry "HUN"]
[SourceTitle "EXT 2021"]
[Source "ChessBase"]
[SourceDate "2020.10.23"]
[SourceVersion "1"]
[SourceVersionDate "2020.10.23"]
[SourceQuality "1"]
[WhiteTeam "Ajka ASSE"]
[BlackTeam "Papa"]
[WhiteTeamCountry "HUN"]
[BlackTeamCountry "HUN"]

1. e4 e6 2. d4 d5 3. Nc3 Bb4 4. exd5 exd5 5. Bd3 Nf6 6. Nge2 Bg4 7. f3 Bh5 8. 0-0 Bg6 9. Bg5 Be7 10. Nf4 c6 11. Re1 1/2-1/2

[Event "HUN-chT2 Szechenyi 1516"]
[Site "Hungary"]
[Date "2016.04.03"]
[Round "10.10"]
[White "Ludvai, Zsolt"]
[Black "Duffner, Attila"]
[Result "1/2-1/2"]
[WhiteElo "1909"]
[BlackElo "1720"]
[PlyCount "43"]
[EventDate "2015.09.13"]
[EventType "team-tourn"]
[EventRounds "11"]
[EventCountry "HUN"]
[SourceTitle "EXT 2017"]
[Source "ChessBase"]
[SourceDate "2016.10.25"]
[SourceVersion "1"]
[SourceVersionDate "2016.10.25"]
[SourceQuality "1"]
[WhiteTeam "Ajka Banyasz"]
[BlackTeam "Tapolca Kolcsey"]
[WhiteTeamCountry "HUN"]
[BlackTeamCountry "HUN"]

1. c4 c5 2. Nc3 Nc6 3. g3 d6 4. Bg2 Nf6 5. Nf3 Bf5 6. d3 e6 7. 0-0 Be7 8. Nh4 Bg6 9. Qa4 Qd7 10. Bg5 0-0 11. Rab1 h6 12. Bxf6 Bxf6 13. Nxg6 fxg6 14. Bxc6 bxc6 15. Ne4 Be5 16. e3 g5 17. Qd1 Rab8 18. b3 Qe7 19. f4 gxf4 20. gxf4 Bf6 21. Kh1 d5 22. Ng3 1/2-1/2

[Event "HUN-chT2 Szechenyi 1516"]
[Site "Hungary"]
[Date "2016.02.28"]
[Round "8.10"]
[White "Ludvai, Zsolt"]
[Black "Volgyi, Robert"]
[Result "1/2-1/2"]
[WhiteElo "1909"]
[BlackElo "1755"]
[PlyCount "22"]
[EventDate "2015.09.13"]
[EventType "team-tourn"]
[EventRounds "11"]
[EventCountry "HUN"]
[SourceTitle "EXT 2017"]
[Source "ChessBase"]
[SourceDate "2016.10.25"]
[SourceVersion "1"]
[SourceVersionDate "2016.10.25"]
[SourceQuality "1"]
[WhiteTeam "Ajka Banyasz"]
[BlackTeam "Zala Volan"]
[WhiteTeamCountry "HUN"]
[BlackTeamCountry "HUN"]

1. e4 d5 2. exd5 Qxd5 3. Nc3 Qd8 4. Nf3 Bg4 5. h3 Bxf3 6. Qxf3 c6 7. Bc4 e6 8. 0-0 Nf6 9. d3 Nbd7 10. Bf4 Nb6 11. Rad1 Be7 1/2-1/2

[Event "HUN-chT2 Szechenyi 1415"]
[Site "Hungary"]
[Date "2015.03.01"]
[Round "9.11"]
[White "Ludvai, Zsolt"]
[Black "Egresi, Kristof"]
[Result "1/2-1/2"]
[WhiteElo "1900"]
[BlackElo "1873"]
[PlyCount "71"]
[EventDate "2014.09.07"]
[EventType "team-tourn"]
[EventRounds "11"]
[EventCountry "HUN"]
[SourceTitle "EXT 2016"]
[Source "ChessBase"]
[SourceDate "2015.10.08"]
[SourceVersion "1"]
[SourceVersionDate "2015.10.08"]
[SourceQuality "1"]
[WhiteTeam "Ajka Banyasz"]
[BlackTeam "Lovo"]
[WhiteTeamCountry "HUN"]
[BlackTeamCountry "HUN"]

1. d4 Nf6 2. c4 e6 3. Nf3 Be7 4. Nc3 0-0 5. e4 b6 6. Bd3 Bb7 7. Qc2 h6 8. Be3 d5 9. cxd5 exd5 10. e5 Nfd7 11. 0-0 c5 12. Bf5 cxd4 13. Bxd4 Bc5 14. e6 Bxd4 15. Nxd4 Nc5 16. exf7+ Rxf7 17. b4 Qf6 18. bxc5 Qxd4 19. Be6 bxc5 20. Bxf7+ Kxf7 21. Qf5+ Qf6 22. Qxf6+ Kxf6 23. Rab1 Bc6 24. Rfe1 Na6 25. Re2 Nb4 26. Rbe1 Nd3 27. Re6+ Kf7 28. Rxc6 Nxe1 29. Rxc5 d4 30. Ne4 Rd8 31. Rc1 Nd3 32. Rd1 Nb2 33. Rd2 Nc4 34. Rd1 Nb2 35. Rd2 Nc4 36. Rd1 1/2-1/2

[Event "HUN-chT2 Szechenyi 1415"]
[Site "Hungary"]
[Date "2014.11.16"]
[Round "4.11"]
[White "Ludvai, Zsolt"]
[Black "Juhasz, Judit"]
[Result "1-0"]
[WhiteElo "1900"]
[BlackElo "1690"]
[PlyCount "93"]
[EventDate "2014.09.07"]
[EventType "team-tourn"]
[EventRounds "11"]
[EventCountry "HUN"]
[SourceTitle "EXT 2016"]
[Source "ChessBase"]
[SourceDate "2015.10.08"]
[SourceVersion "1"]
[SourceVersionDate "2015.10.08"]
[SourceQuality "1"]
[WhiteTeam "Ajka Banyasz"]
[BlackTeam "Tapolca"]
[WhiteTeamCountry "HUN"]
[BlackTeamCountry "HUN"]

1. c4 e6 2. Nc3 Nf6 3. d4 d5 4. e3 Bb4 5. Qb3 c5 6. Bd2 0-0 7. Nf3 Bxc3 8. Bxc3 Ne4 9. Bd3 Nxc3 10. Qxc3 cxd4 11. Nxd4 e5 12. Ne2 Nc6 13. cxd5 Qxd5 14. 0-0 Qe6 15. Rfd1 a6 16. Rd2 Qe7 17. Rad1 Be6 18. Be4 Rac8 19. Bxc6 Rxc6 20. Qxe5 Qc5 21. Qxc5 Rxc5 22. b3 h6 23. h3 Rfc8 24. Rd8+ Rxd8 25. Rxd8+ Kh7 26. Nd4 Rc1+ 27. Kh2 Ra1 28. Nxe6 fxe6 29. Rd2 Kg6 30. g4 Kf6 31. Kg3 g6 32. h4 Rg1+ 33. Kf3 Ra1 34. Kf4 g5+ 35. hxg5+ hxg5+ 36. Ke4 b5 37. f3 a5 38. Rf2 Rc1 39. Rh2 Rd1 40. Rh6+ Kf7 41. Rh7+ Kf6 42. Ra7 Rd5 43. Rxa5 Re5+ 44. Kd3 Rd5+ 45. Ke2 Rc5 46. a4 Rc2+ 47. Kd3 1-0

[Event "HUN-chT2 Szechenyi 1213"]
[Site "Hungary"]
[Date "2012.12.02"]
[Round "5.11"]
[White "Ludvai, Zsolt"]
[Black "Parragi, Istvan"]
[Result "0-1"]
[WhiteElo "1883"]
[BlackElo "1913"]
[PlyCount "96"]
[EventDate "2012.09.16"]
[EventType "team-tourn"]
[EventRounds "11"]
[EventCountry "HUN"]
[SourceTitle "EXT 2014"]
[Source "ChessBase"]
[SourceDate "2013.11.20"]
[SourceVersion "1"]
[SourceVersionDate "2013.11.20"]
[SourceQuality "1"]
[WhiteTeam "Ajka Banyasz"]
[BlackTeam "Zala Volan"]
[WhiteTeamCountry "HUN"]
[BlackTeamCountry "HUN"]

1. c4 Nf6 2. Nc3 g6 3. d4 d5 4. e3 Bg7 5. Nf3 0-0 6. Bd3 c5 7. 0-0 cxd4 8. exd4 Nc6 9. cxd5 Nxd5 10. Be4 Nf6 11. Bxc6 bxc6 12. h3 Qd6 13. Be3 Bf5 14. Nh4 Be6 15. Rc1 Rfd8 16. Nf3 Nd5 17. Ne4 Qb4 18. b3 Nb6 19. Nc5 Bd5 20. Qd2 Qxd2 21. Nxd2 a5 22. a3 Nd7 23. Nd3 Nf8 24. Nf4 Ne6 25. Nxd5 Rxd5 26. Rxc6 Nxd4 27. Bxd4 Bxd4 28. Nc4 Rb8 29. Rb1 Rf5 30. Ne3 Re5 31. Ng4 Re2 32. Rc4 Bb6 33. Kf1 Ra2 34. a4 Rd8 35. Rf4 Bc7 36. Rf3 Rb8 37. Ne3 Rxa4 38. Nd5 Bd6 39. Re3 e6 40. Nc3 Rab4 41. Rd1 Bf8 42. Rd7 Rxb3 43. Rf3 R8b7 44. Rd8 Kg7 45. Ra8 Bb4 46. Ne4 Rb1+ 47. Ke2 Re1+ 48. Kd3 Rd7+ 0-1

[Event "HUN-chT2 Szechenyi 1213"]
[Site "Hungary"]
[Date "2012.10.07"]
[Round "2.11"]
[White "Bezsenyi, Ferenc"]
[Black "Ludvai, Zsolt"]
[Result "0-1"]
[WhiteElo "1867"]
[BlackElo "1883"]
[PlyCount "94"]
[EventDate "2012.09.16"]
[EventType "team-tourn"]
[EventRounds "11"]
[EventCountry "HUN"]
[SourceTitle "EXT 2014"]
[Source "ChessBase"]
[SourceDate "2013.11.20"]
[SourceVersion "1"]
[SourceVersionDate "2013.11.20"]
[SourceQuality "1"]
[WhiteTeam "Keszthely"]
[BlackTeam "Ajka Banyasz"]
[WhiteTeamCountry "HUN"]
[BlackTeamCountry "HUN"]

1. e4 e6 2. d4 d5 3. Nc3 Nf6 4. e5 Nfd7 5. f4 c5 6. Nf3 Nc6 7. Be3 a6 8. Be2 b6 9. 0-0 Be7 10. a3 0-0 11. Qe1 cxd4 12. Nxd4 Nxd4 13. Bxd4 Bc5 14. Qf2 Qe7 15. b4 Bxd4 16. Qxd4 Bb7 17. Bd3 f5 18. exf6 Qxf6 19. Qxf6 gxf6 20. Rf3 Rf7 21. Re1 Re8 22. Rg3+ Rg7 23. Bf5 Rxg3 24. hxg3 Nf8 25. Na4 Bc6 26. Bxe6+ Rxe6 27. Rxe6 Nxe6 28. Nxb6 Nd4 29. c4 dxc4 30. Nxc4 Nc2 31. Na5 Bb5 32. Nb3 Nxa3 33. Nd4 Kf7 34. Kf2 Nb1 35. g4 Nc3 36. Nc2 Nd5 37. g3 Ba4 38. Na3 Nxb4 39. Nc4 Bb5 40. Na3 Ke6 41. Ke3 Kd5 42. Nb1 Bc6 43. Nd2 Nc2+ 44. Kd3 Nb4+ 45. Kc3 Kc5 46. Nb3+ Kb5 47. Nd4+ Ka4 0-1

[Event "HUN-chT2 Szechenyi 1112"]
[Site "Hungary"]
[Date "2012.03.25"]
[Round "8.10"]
[White "Cseke, Mihaly"]
[Black "Ludvai, Zsolt"]
[Result "0-1"]
[WhiteElo "1513"]
[BlackElo "1948"]
[PlyCount "80"]
[EventDate "2011.09.25"]
[EventType "team-tourn"]
[EventRounds "11"]
[EventCountry "HUN"]
[SourceTitle "EXT 2013"]
[Source "ChessBase"]
[SourceDate "2012.11.22"]
[SourceVersion "1"]
[SourceVersionDate "2012.11.22"]
[SourceQuality "1"]
[WhiteTeam "Zalaegerszeg"]
[BlackTeam "Ajka Banyasz"]
[WhiteTeamCountry "HUN"]
[BlackTeamCountry "HUN"]

1. e4 e6 2. d4 d5 3. e5 c5 4. c3 Nc6 5. Nf3 Bd7 6. Na3 cxd4 7. cxd4 Qb6 8. Nb5 a6 9. Nd6+ Bxd6 10. exd6 Qb4+ 11. Qd2 Qxd6 12. Be2 Nf6 13. Bd3 Nb4 14. 0-0 Nxd3 15. Qxd3 Bb5 16. Qb3 Bxf1 17. Kxf1 Qc6 18. Kg1 Rc8 19. Bf4 0-0 20. Ne5 Qb5 21. Qa3 a5 22. b3 Qb4 23. Qb2 Qc3 24. Qxc3 Rxc3 25. Bd2 Rc2 26. Bxa5 Ra8 27. b4 Rac8 28. Nd3 Nd7 29. f4 b6 30. Bxb6 Nxb6 31. Nc5 Rc4 32. a4 Rxb4 33. a5 Na8 34. a6 Rxd4 35. Rb1 Rc4 36. a7 R4xc5 37. Rb8 Kf8 38. Kf2 Ke8 39. Ke3 Kd7 40. Rb7+ R5c7 0-1

[Event "HUN-chT2 Szechenyi 1011"]
[Site "Hungary"]
[Date "2011.05.01"]
[Round "10.10"]
[White "Arvai, Eszter"]
[Black "Ludvai, Zsolt"]
[Result "1/2-1/2"]
[WhiteElo "1645"]
[BlackElo "1952"]
[PlyCount "77"]
[EventDate "2010.09.12"]
[EventType "team-tourn"]
[EventRounds "11"]
[EventCountry "HUN"]
[SourceTitle "EXT 2012"]
[Source "ChessBase"]
[SourceDate "2011.11.24"]
[SourceVersion "1"]
[SourceVersionDate "2011.11.24"]
[SourceQuality "1"]
[WhiteTeam "Tapolca"]
[BlackTeam "Ajka Banyasz"]
[WhiteTeamCountry "HUN"]
[BlackTeamCountry "HUN"]

1. e4 e6 2. d4 d5 3. e5 c5 4. c3 Nc6 5. Nf3 Bd7 6. Be3 Qb6 7. Qc2 cxd4 8. Bxd4 Nxd4 9. Nxd4 Bc5 10. Nb3 f6 11. exf6 Nxf6 12. Nxc5 Qxc5 13. Bd3 0-0 14. 0-0 e5 15. Kh1 Ng4 16. Bxh7+ Kh8 17. Kg1 Bb5 18. Bf5 Bxf1 19. Bxg4 Bd3 20. Qd2 e4 21. Na3 Rf6 22. Nc2 Bxc2 23. Qxc2 e3 24. fxe3 Qxe3+ 25. Kh1 Qf2 26. Qd3 Raf8 27. Bf3 Qxb2 28. Rb1 Qxa2 29. Rxb7 a5 30. h3 Qc4 31. Qd2 Qf1+ 32. Kh2 Qc4 33. Kh1 a4 34. Qg5 R6f7 35. Qh5+ Kg8 36. Bxd5 Qf1+ 37. Kh2 Qf4+ 38. Kg1 Qf2+ 39. Kh1 1/2-1/2

[Event "HUN-chT2 Szechenyi 1011"]
[Site "Hungary"]
[Date "2010.10.10"]
[Round "3.10"]
[White "Domonkos, Andras"]
[Black "Ludvai, Zsolt"]
[Result "1/2-1/2"]
[WhiteElo "1921"]
[BlackElo "1952"]
[PlyCount "62"]
[EventDate "2010.09.12"]
[EventType "team-tourn"]
[EventRounds "11"]
[EventCountry "HUN"]
[SourceTitle "EXT 2012"]
[Source "ChessBase"]
[SourceDate "2011.11.24"]
[SourceVersion "1"]
[SourceVersionDate "2011.11.24"]
[SourceQuality "1"]
[WhiteTeam "Veszprem"]
[BlackTeam "Ajka Banyasz"]
[WhiteTeamCountry "HUN"]
[BlackTeamCountry "HUN"]

1. c4 e5 2. Nc3 Nc6 3. g3 Bc5 4. Bg2 d6 5. e3 Nf6 6. Nge2 0-0 7. 0-0 Bf5 8. d4 exd4 9. exd4 Bb6 10. Bg5 h6 11. Bxf6 Qxf6 12. Nd5 Qd8 13. Nxb6 axb6 14. Nf4 Qd7 15. a3 Rfe8 16. Qd2 Rab8 17. b4 Ne7 18. Rfe1 c6 19. d5 c5 20. b5 Ng6 21. Nxg6 Bxg6 22. Rxe8+ Rxe8 23. Re1 Rxe1+ 24. Qxe1 Bd3 25. Bf1 Bxf1 26. Kxf1 Kf8 27. Qe4 Qh3+ 28. Kg1 Qh5 29. Qh7 Qd1+ 30. Kg2 Qd4 31. Qc2 g6 1/2-1/2

[Event "HUN-chT2 Szechenyi 1011"]
[Site "Hungary"]
[Date "2010.09.26"]
[Round "2.11"]
[White "Kiss, Laszlo"]
[Black "Ludvai, Zsolt"]
[Result "1-0"]
[WhiteElo "1681"]
[BlackElo "1952"]
[PlyCount "93"]
[EventDate "2010.09.12"]
[EventType "team-tourn"]
[EventRounds "11"]
[EventCountry "HUN"]
[SourceTitle "EXT 2012"]
[Source "ChessBase"]
[SourceDate "2011.11.24"]
[SourceVersion "1"]
[SourceVersionDate "2011.11.24"]
[SourceQuality "1"]
[WhiteTeam "Arboretum"]
[BlackTeam "Ajka Banyasz"]
[WhiteTeamCountry "HUN"]
[BlackTeamCountry "HUN"]

1. c4 e5 2. g3 d6 3. Bg2 Nc6 4. Nc3 g6 5. d3 Bg7 6. e3 Nge7 7. Nge2 0-0 8. 0-0 Be6 9. b3 Qd7 10. Ba3 f5 11. Rc1 Rf7 12. d4 exd4 13. Nxd4 Rff8 14. Nxe6 Qxe6 15. Nd5 Qd7 16. Nxe7+ Qxe7 17. Qd5+ Kh8 18. Qb5 Nd8 19. c5 Qe5 20. Qd3 dxc5 21. Rxc5 Qe7 22. Ra5 Qf6 23. Bxf8 Bxf8 24. Rd5 Nc6 25. Qe2 Bd6 26. Rfd1 Re8 27. Qb5 Rb8 28. Rxd6 cxd6 29. Bxc6 d5 30. Bxd5 Rd8 31. Qe2 b6 32. Bc4 Kg7 33. Rxd8 Qxd8 34. Qd3 Qe7 35. Qd5 Kh6 36. h4 Qf6 37. Qd4 Qc6 38. Qf4+ Kg7 39. h5 a6 40. h6+ Kf6 41. g4 b5 42. g5+ Ke7 43. Qe5+ Kf8 44. Qh8+ Ke7 45. Qxh7+ Kd8 46. Qg8+ Kc7 47. Qf7+ 1-0

[Event "HUN-chT2 Szechenyi 0910"]
[Site "Hungary"]
[Date "2010.03.14"]
[Round "6.9"]
[White "Bodorkos, Ferenc"]
[Black "Ludvai, Zsolt"]
[Result "0-1"]
[WhiteElo "1814"]
[BlackElo "1982"]
[PlyCount "70"]
[EventDate "2009.11.08"]
[EventType "team-tourn"]
[EventRounds "11"]
[EventCountry "HUN"]
[SourceTitle "EXT 2011"]
[Source "ChessBase"]
[SourceDate "2010.11.26"]
[SourceVersion "1"]
[SourceVersionDate "2010.11.26"]
[SourceQuality "1"]
[WhiteTeam "Arboretum"]
[BlackTeam "Ajka Banyasz"]
[WhiteTeamCountry "HUN"]
[BlackTeamCountry "HUN"]

1. d4 d5 2. c4 e6 3. e3 Nf6 4. Nc3 Be7 5. a3 a5 6. Nf3 0-0 7. Qc2 b6 8. cxd5 exd5 9. Bd3 Ba6 10. 0-0 Bxd3 11. Qxd3 Nbd7 12. Bd2 c5 13. dxc5 Nxc5 14. Qb5 Nfe4 15. Rad1 Bf6 16. Nd4 Bxd4 17. exd4 Nxc3 18. Bxc3 Ne6 19. Rfe1 Qd6 20. b4 Nc7 21. Qd3 a4 22. Re3 Rfe8 23. Rde1 Re6 24. Rxe6 fxe6 25. Re3 Rf8 26. Bd2 Qf4 27. Rf3 Qe4 28. Qxe4 dxe4 29. Rxf8+ Kxf8 30. Bc1 Nb5 31. Bb2 Ke7 32. Kf1 Kd6 33. Ke2 Kd5 34. Ke3 Nd6 35. g4 Nc4+ 0-1

[Event "HUN-chT2 Szechenyi 0910"]
[Site "Hungary"]
[Date "2010.02.28"]
[Round "7.7"]
[White "Ludvai, Zsolt"]
[Black "Horvath, Mark"]
[Result "1/2-1/2"]
[WhiteElo "1982"]
[BlackElo "1933"]
[PlyCount "63"]
[EventDate "2009.11.08"]
[EventType "team-tourn"]
[EventRounds "11"]
[EventCountry "HUN"]
[SourceTitle "EXT 2011"]
[Source "ChessBase"]
[SourceDate "2010.11.26"]
[SourceVersion "1"]
[SourceVersionDate "2010.11.26"]
[SourceQuality "1"]
[WhiteTeam "Ajka Banyasz"]
[BlackTeam "Tapolca Szeremley"]
[WhiteTeamCountry "HUN"]
[BlackTeamCountry "HUN"]

1. c4 c6 2. Nf3 Nf6 3. Nc3 d5 4. e3 Bg4 5. h3 Bxf3 6. Qxf3 d4 7. Ne4 Nxe4 8. Qxe4 dxe3 9. Qxe3 Qa5 10. Be2 Nd7 11. 0-0 e6 12. d4 Be7 13. a3 0-0 14. Qg3 Kh8 15. Rd1 Nf6 16. Bd2 Qb6 17. b4 Ne4 18. Qe3 Nxd2 19. Rxd2 Bf6 20. Rad1 h6 21. d5 Qxe3 22. fxe3 exd5 23. cxd5 cxd5 24. Rxd5 Rfd8 25. Rxd8+ Rxd8 26. Rxd8+ Bxd8 27. b5 Kg8 28. Kf2 Kf8 29. Bc4 f6 30. e4 Be7 31. a4 Bd6 32. Ke3 1/2-1/2

[Event "HUN-chT2 Szechenyi 0910"]
[Site "Hungary"]
[Date "2009.12.06"]
[Round "3.9"]
[White "Horvath, Lajos"]
[Black "Ludvai, Zsolt"]
[Result "0-1"]
[WhiteElo "1920"]
[BlackElo "1982"]
[PlyCount "98"]
[EventDate "2009.11.08"]
[EventType "team-tourn"]
[EventRounds "11"]
[EventCountry "HUN"]
[SourceTitle "EXT 2011"]
[Source "ChessBase"]
[SourceDate "2010.11.26"]
[SourceVersion "1"]
[SourceVersionDate "2010.11.26"]
[SourceQuality "1"]
[WhiteTeam "Keszthely"]
[BlackTeam "Ajka Banyasz"]
[WhiteTeamCountry "HUN"]
[BlackTeamCountry "HUN"]

1. c4 e5 2. Nc3 Nf6 3. Nf3 Nc6 4. g3 Bb4 5. Qc2 0-0 6. Bg2 a6 7. Ne4 Be7 8. Nfg5 Nxe4 9. Nxe4 d6 10. 0-0 Nd4 11. Qd3 f5 12. Nc3 c6 13. e3 Ne6 14. Qe2 Bd7 15. b3 Rb8 16. Bb2 b5 17. cxb5 axb5 18. Rfc1 Bf6 19. Nd1 d5 20. d3 e4 21. d4 Rf7 22. Bh3 Ng5 23. Bg2 Qb6 24. Ba3 b4 25. Bb2 Ne6 26. Rc2 Bc8 27. Rac1 Rc7 28. Ba1 Ba6 29. Qd2 Bd3 30. Bh3 Ng5 31. Bg2 Bxc2 32. Rxc2 Qa6 33. h4 Ne6 34. Bf1 Qa7 35. Bh3 g6 36. g4 Bxh4 37. gxf5 Ng5 38. Bg2 gxf5 39. Qc1 Nf3+ 40. Bxf3 exf3 41. Rxc6 Rxc6 42. Qxc6 Qg7+ 43. Kf1 Qg2+ 44. Ke1 Bxf2+ 45. Nxf2 Qg1+ 46. Kd2 Qxf2+ 47. Kc1 Qxe3+ 48. Kc2 Qe4+ 49. Kc1 f2 0-1

[Event "Ajka Borostyan Cup"]
[Site "Ajka"]
[Date "2009.07.18"]
[Round "8"]
[White "Ludvai, Zsolt"]
[Black "Bacso, Gabor"]
[Result "0-1"]
[WhiteElo "1985"]
[BlackElo "2201"]
[PlyCount "42"]
[EventDate "2009.07.11"]
[EventType "swiss"]
[EventRounds "9"]
[EventCountry "HUN"]
[SourceTitle "EXT 2011"]
[Source "ChessBase"]
[SourceDate "2010.11.26"]
[SourceVersion "1"]
[SourceVersionDate "2010.11.26"]
[SourceQuality "1"]

1. e4 c5 2. c4 Nc6 3. Nf3 e5 4. Nc3 d6 5. d3 g6 6. Be2 Bg7 7. 0-0 Nge7 8. Rb1 0-0 9. a3 a5 10. Nh4 Nd4 11. Be3 Nec6 12. Nf3 f5 13. exf5 Bxf5 14. Ne4 Nxe2+ 15. Qxe2 Bg4 16. Neg5 Nd4 17. Bxd4 Qxg5 18. Qe3 Qh5 19. Bc3 Rxf3 20. Qe4 Rf7 21. f3 Be6 0-1

[Event "Ajka Borostyan Cup"]
[Site "Ajka"]
[Date "2009.07.17"]
[Round "7"]
[White "Marton, Jozsef"]
[Black "Ludvai, Zsolt"]
[Result "1/2-1/2"]
[WhiteElo "2171"]
[BlackElo "1985"]
[PlyCount "56"]
[EventDate "2009.07.11"]
[EventType "swiss"]
[EventRounds "9"]
[EventCountry "HUN"]
[SourceTitle "EXT 2011"]
[Source "ChessBase"]
[SourceDate "2010.11.26"]
[SourceVersion "1"]
[SourceVersionDate "2010.11.26"]
[SourceQuality "1"]

1. Nf3 c5 2. e4 Nc6 3. b3 e5 4. Bb2 d6 5. Be2 Nf6 6. d3 Be7 7. 0-0 0-0 8. Nc3 Nd4 9. h3 Bd7 10. Nd5 Nxe2+ 11. Qxe2 Nxd5 12. exd5 b5 13. Rfe1 Re8 14. c3 f5 15. Nd2 Bf6 16. a4 a6 17. Qf3 Qe7 18. axb5 axb5 19. Qd1 Qf7 20. c4 b4 21. Qb1 Qg6 22. Kh1 Qh6 23. Nf3 f4 24. Ng1 g5 25. f3 g4 26. fxg4 Bxg4 27. Qc1 Bh4 28. Rf1 Bg3 1/2-1/2

[Event "HUN-chT2 Szechenyi 0809"]
[Site "Hungary"]
[Date "2009.04.05"]
[Round "10.8"]
[White "Ludvai, Zsolt"]
[Black "Vajda, Attila"]
[Result "0-1"]
[WhiteElo "1980"]
[BlackElo "1961"]
[PlyCount "100"]
[EventDate "2008.10.26"]
[EventType "team-tourn"]
[EventRounds "11"]
[EventCountry "HUN"]
[SourceTitle "EXT 2010"]
[Source "ChessBase"]
[SourceDate "2010.11.25"]
[SourceVersion "1"]
[SourceVersionDate "2010.11.25"]
[SourceQuality "1"]
[WhiteTeam "Ajka Banyasz"]
[BlackTeam "Tapolca II"]
[WhiteTeamCountry "HUN"]
[BlackTeamCountry "HUN"]

1. c4 Nf6 2. Nc3 c6 3. Nf3 d5 4. e3 Bg4 5. d4 e6 6. a3 Bd6 7. c5 Bc7 8. Be2 Nbd7 9. b4 b6 10. Qa4 b5 11. Qa6 0-0 12. Qxc6 a6 13. a4 Ra7 14. Nxb5 Nb8 15. Nxa7 Nxc6 16. Nxc6 Qa8 17. b5 axb5 18. Bxb5 Ne4 19. 0-0 Bxf3 20. gxf3 Ng5 21. f4 Nf3+ 22. Kg2 Nh4+ 23. Kh3 Nf5 24. Bd2 f6 25. f3 Qe8 26. Kg2 Qg6+ 27. Kf2 Qh5 28. Rh1 Qh4+ 29. Ke2 e5 30. Bd3 e4 31. fxe4 Qg4+ 32. Ke1 Nh4 33. Be2 Qg2 34. Rf1 Qxe4 35. Ra3 Qb1+ 36. Kf2 Qe4 37. Ke1 Re8 38. Bd3 Qg2 39. Be2 Qe4 40. a5 Ng2+ 41. Kf2 Nxf4 42. Bf3 Qc2 43. Rd1 Nh3+ 44. Kf1 Qf5 45. Kg2 Ng5 46. e4 Qh3+ 47. Kf2 dxe4 48. Bxg5 exf3 49. Ne5 Qg2+ 50. Ke3 Qe2+ 0-1

[Event "HUN-chT2 Szechenyi 0809"]
[Site "Hungary"]
[Date "2009.03.08"]
[Round "9.6"]
[White "Nemeth, Zsolt"]
[Black "Ludvai, Zsolt"]
[Result "1-0"]
[WhiteElo "1967"]
[BlackElo "1980"]
[PlyCount "115"]
[EventDate "2008.10.26"]
[EventType "team-tourn"]
[EventRounds "11"]
[EventCountry "HUN"]
[SourceTitle "EXT 2010"]
[Source "ChessBase"]
[SourceDate "2010.11.25"]
[SourceVersion "1"]
[SourceVersionDate "2010.11.25"]
[SourceQuality "1"]
[WhiteTeam "Baki Agrocentrum"]
[BlackTeam "Ajka Banyasz"]
[WhiteTeamCountry "HUN"]
[BlackTeamCountry "HUN"]

1. e4 e6 2. d4 d5 3. Nc3 Bb4 4. e5 Bxc3+ 5. bxc3 Nd7 6. Qg4 g6 7. Bg5 Ne7 8. Qh4 c5 9. 0-0-0 c4 10. Kd2 b5 11. Rb1 a6 12. Ne2 Ra7 13. g4 Nf8 14. Bf6 Rg8 15. f4 Qc7 16. Bh3 h5 17. gxh5 Nf5 18. Bxf5 exf5 19. Rhg1 Nh7 20. Rg3 Nxf6 21. Qxf6 Qe7 22. Qc6+ Qd7 23. Qc5 Rc7 24. Qa3 Rc6 25. Rbg1 Qe6 26. Qc1 Bd7 27. Qf1 Ke7 28. Qh3 Be8 29. Qh4+ Kd7 30. h6 Rh8 31. h7 Qe7 32. Qh6 Qf8 33. Qxf8 Rxf8 34. Rh3 Rh8 35. Rh6 a5 36. a3 Ke7 37. Ng3 Bd7 38. Rb1 Rcc8 39. Nf1 Kf8 40. Ne3 Bc6 41. Rg1 Ke7 42. h4 Ke6 43. h5 Be8 44. Rg5 Ke7 45. Nxd5+ Kf8 46. hxg6 fxg6 47. Nf6 Kg7 48. Rh2 Bf7 49. Ke3 Rcd8 50. Rg1 Rb8 51. d5 b4 52. axb4 axb4 53. Rb1 b3 54. cxb3 cxb3 55. Rhb2 Bxd5 56. Nxd5 Rxh7 57. Rxb3 Rh3+ 58. Kd4 1-0